| 000 | 01037nam a22002897a 4500 | ||
|---|---|---|---|
| 999 |
_c2680 _d2680 |
||
| 003 | URS | ||
| 005 | 20220114142232.0 | ||
| 008 | 200220s2007 |||| |||| 00| 0 eng d | ||
| 020 | _a9780399533655 (alk. paper) | ||
| 040 |
_cURS _beng _drda |
||
| 050 | 0 | 0 |
_aBF 698.95 _b.M6471 2007 |
| 082 | _2 | ||
| 100 | 1 | _aMiller, Alan S. | |
| 245 | 1 | 0 |
_aWhy beautiful people have more daughters :from dating, shopping, and praying to going to war and becoming a billionaire : two evolutionary psychologists explain why we do what we do _cAlan S. Miller and Satoshi Kanazawa. |
| 250 | _afirst edition. | ||
| 260 |
_aNew York : _bPerigee Book, _c[2007] |
||
| 300 |
_axix, 252 pages ; _c22 cm. |
||
| 504 | _aIncludes bibliographical references (p. [211]-239) and index. | ||
| 650 | 0 | _aEvolutionary psychology. | |
| 650 | 0 |
_aBeauty, Personal _xPsychological aspects. |
|
| 650 | 0 | _aSex differences (Psychology) | |
| 700 | 1 | _aKanazawa, Satoshi. | |
| 856 | 4 | 1 |
_3 _u |
| 906 |
_a7 _b _c _d _e _f _g |
||
| 942 |
_2lcc _cFR |
||